000 00450nam a2200181Ia 4500
001 16757
005 20260306170334.0
008 260306t2008||||xx |||||||||||||| ||und||
041 _aESP
082 _a349.8
_bD22 T. 2 2008
100 _aPuente Brunke, José de la
_eAUT
245 0 _aDerecho, instituciones y procesos históricos
260 _c2008
300 _apágs. :
_ccm.
650 _aGEN
654 _aCDE
942 _cLIB
_dJUS
_fJUS
_2ddc
_n
999 _c16757
_d16757